Πλήθος : πόλεμος και δημοκρατία στην εποχή της αυτοκρατορίας
Αποθηκεύτηκε σε:
| Κύριος συγγραφέας: | |
|---|---|
| Άλλοι συγγραφείς: | , |
| Μορφή: | Βιβλίο |
| Γλώσσα: | Greek English |
| Δημοσίευση: |
Αθήνα :
Αλεξάνδρεια,
2011.
|
| Σειρά: | Πολιτικά (Αλεξάνδρεια)
|
| Θέματα: | |
| Ετικέτες: |
Προσθήκη ετικέτας
Δεν υπάρχουν, Καταχωρήστε ετικέτα πρώτοι!
|
MARC
| LEADER | 00000cam a2200000 i 4500 | ||
|---|---|---|---|
| 001 | 1/17873 | ||
| 008 | 120216s2011 gr | ||| |||| ||gre|| | ||
| 020 | |a 9789602215104 | ||
| 035 | |l 10111869 | ||
| 040 | |a GR-MyUA |b gre |e AACR2 | ||
| 041 | 1 | |a gre |h eng | |
| 082 | 7 | |a 321.8 |2 (22) | |
| 100 | 1 | |a Hardt, Michael, |d 1960- | |
| 245 | 1 | 0 | |a Πλήθος : |b πόλεμος και δημοκρατία στην εποχή της αυτοκρατορίας / |c Michael Hardt [and] Antonio Negri ; μετάφραση: Γιώργος Καράμπελας. |
| 260 | |a Αθήνα : |b Αλεξάνδρεια, |c 2011. | ||
| 300 | |a 439 σ. ; |c 24 εκ. | ||
| 490 | 1 | |a (Πολιτικά / Αλεξάνδρεια) | |
| 504 | |a Περιλαβάνει βιβλιογραφία και ευρετήριο. | ||
| 650 | 0 | 0 | |a Democracy. |
| 650 | 0 | 0 | |a Internationalism. |
| 650 | 0 | 0 | |a Globalization. |
| 650 | 0 | 0 | |a International relations. |
| 650 | 0 | 0 | |a War. |
| 650 | 0 | 0 | |a Imperialism. |
| 700 | 1 | |a Καράμπελας, Γιώργος, |e trl | |
| 700 | 1 | |a Negri, Antonio, |d 1933- | |
| 765 | 0 | 8 | |i Μετάφραση του: |t Multitude : |
| 830 | 0 | |a Πολιτικά (Αλεξάνδρεια) | |
| 852 | |a INST |b LESVOS |e 20120216 |h 321.8 HAR |p 005100050776 |q 005100050776 |t BK |y 0 | ||
| 901 | |a BIBL1-2012-1 | ||
| 909 | |a Λ |b 173365 | ||
| 970 | |a ΤΖΑΦΕΡΗ |b ΕΥΑΓΓΕΛΙΑ |z 2012/02/16 | ||